| 000 | 00623nam a2200193 a 4500 | ||
|---|---|---|---|
| 001 | 000032298 | ||
| 005 | 20250206104242.0 | ||
| 008 | 110714s1995 dr 000 p spa d | ||
| 040 |
_aDO-SdBNP _bspa _cBNPHU |
||
| 082 |
_aRD861.44 _bM357ta |
||
| 100 | 1 |
_aMárquez, Carlos, _b1953- _958325 |
|
| 245 | 1 | 3 |
_aLa taza de la tía / _cCarlos Márquez. |
| 260 |
_aSanto Domingo : _bLa Intrusa : _bFundación Miguel L. De Peña, _c[1995?]. |
||
| 300 |
_a73 p. ; _c21 cm. |
||
| 590 | _aInventariado, 2018/LP | ||
| 650 | 0 |
_aPoesía dominicana _966 |
|
| 650 | 0 |
_aLiteratura dominicana. _967 |
|
| 910 | _aValidado. Control de calidad BNPHU | ||
| 999 |
_c31789 _d31789 |
||